000 00340nam a2200133Ia 4500
008 191201s2006 xx 000 0 und d
100 _aRASTOGI, R P
245 0 _aAn Introduction To Chemical Thermodynamics
250 _a6th
260 _aN.Delhi
_bVikas Publication House
_c2006
300 _a626
650 _aB.Tech(ME)
942 _2ddc
_cBK
999 _c2440
_d2440